[Event "MP do 18 lat - chlopcy"]
[Site "Sypniewo"]
[Date "2022.03.20"]
[Round "2.14"]
[White "Malik, Maciej"]
[Black "Kozlowski, Michal"]
[Result "1/2-1/2"]
[BlackElo "2078"]
[WhiteElo "1912"]
[LiveChessVersion "1.4.8"]

1. e4 {[%clk 1:30:47]} c5 {[%clk 1:30:50]} 2. Nf3 {[%clk 1:30:54]} e6
{[%clk 1:30:46]} 3. d4 {[%clk 1:24:56]} cxd4 {[%clk 1:31:11]} 4. c3
{[%clk 1:23:41]} dxc3 {[%clk 1:31:29]} 5. Nxc3 {[%clk 1:24:09]} Nc6
{[%clk 1:31:42]} 6. Bc4 {[%clk 1:22:41]} Nf6 {[%clk 1:31:58]} 7. Qe2
{[%clk 1:20:16]} d6 {[%clk 1:20:54]} 8. O-O {[%clk 1:20:09]} a6 {[%clk 1:17:41]}
9. Rd1 {[%clk 1:12:09]} Qc7 {[%clk 1:17:51]} 10. Bf4 {[%clk 1:06:35]} Ne5
{[%clk 1:10:20]} 11. Nxe5 {[%clk 0:49:52]} dxe5 {[%clk 1:10:45]} 12. Bg3
{[%clk 0:50:12]} Be7 {[%clk 1:05:16]} 13. Rac1 {[%clk 0:49:57]} O-O
{[%clk 1:03:16]} 14. Bxe6 {[%clk 0:32:10]} fxe6 {[%clk 1:03:34]} 15. Nd5
{[%clk 0:32:32]} Nxd5 {[%clk 1:03:59]} 16. Rxc7 {[%clk 0:32:25]} Nxc7
{[%clk 1:04:26]} 17. Bxe5 {[%clk 0:31:13]} Ne8 {[%clk 1:04:02]} 18. Qc4
{[%clk 0:29:50]} Bf6 {[%clk 0:58:09]} 19. Bg3 {[%clk 0:28:09]} Rf7
{[%clk 0:45:28]} 20. e5 {[%clk 0:26:06]} Be7 {[%clk 0:43:06]} 21. a4
{[%clk 0:25:03]} Bg5 {[%clk 0:32:24]} 22. a5 {[%clk 0:21:51]} Rc7 23. Qa4 Rc6
{[%clk 0:23:52]} 24. Qa3 {[%clk 0:17:36]} Rc7 {[%clk 0:20:12]} 25. Qa4
{[%clk 0:10:33]} Rc6 {[%clk 0:09:09]} 26. Bh4 {[%clk 0:10:22]} Bxh4
{[%clk 0:09:03]} 27. Qxh4 {[%clk 0:10:49]} Bd7 {[%clk 0:08:09]} 28. Qe7
{[%clk 0:10:03]} Rc7 {[%clk 0:08:31]} 29. h4 {[%clk 0:09:55]} Bc6
{[%clk 0:08:27]} 30. Qxe6+ {[%clk 0:10:19]} Rf7 {[%clk 0:08:09]} 31. Qb3
{[%clk 0:06:48]} Nc7 {[%clk 0:08:10]} 32. f4 {[%clk 0:06:06]} g6 {[%clk 0:08:05]}
33. Rd6 {[%clk 0:04:07]} Re8 {[%clk 0:04:20]} 34. g3 {[%clk 0:03:31]} Kg7
{[%clk 0:04:22]} 35. h5 {[%clk 0:01:51]} gxh5 {[%clk 0:02:19]} 36. Qd1
{[%clk 0:01:13]} Rf5 {[%clk 0:00:41]} 37. Kh2 {[%clk 0:00:40]} Ref8
{[%clk 0:00:44]} 38. Rd8 {[%clk 0:00:34]} R8f7 {[%clk 0:00:33]} 39. Rd6
{[%clk 0:00:33]} Nb5 {[%clk 0:00:38]} 40. Rd8 {[%clk 0:00:35]} Nc7
{[%clk 0:00:55]} 41. Qd6 {[%clk 0:28:45]} Nb5 {[%clk 0:29:53]} 42. Qb4
{[%clk 0:28:44]} Nc7 {[%clk 0:29:33]} 43. Qc3 {[%clk 0:26:24]} Nb5
{[%clk 0:29:30]} 44. Qe3 {[%clk 0:26:14]} Re7 {[%clk 0:26:01]} 45. Qc5
{[%clk 0:22:52]} Ref7 {[%clk 0:25:16]} 46. Qc4 {[%clk 0:22:38]} Nc7
{[%clk 0:11:09]} 47. e6 {[%clk 0:20:21]} R7f6 {[%clk 0:06:44]} 48. Rd7+
{[%clk 0:17:22]} Bxd7 {[%clk 0:07:09]} 49. Qxc7 {[%clk 0:17:36]} Rxe6
{[%clk 0:07:23]} 50. Qxd7+ {[%clk 0:18:02]} Kf6 {[%clk 0:07:47]} 51. Qxh7
{[%clk 0:15:54]} Rb5 {[%clk 0:07:33]} 52. Qc2 {[%clk 0:15:18]} Rc6
{[%clk 0:07:52]} 53. Qd2 {[%clk 0:15:20]} Rcc5 {[%clk 0:05:31]} 54. Kh3
{[%clk 0:15:26]} Rd5 {[%clk 0:05:30]} 55. Qc3+ {[%clk 0:15:47]} Ke6
{[%clk 0:05:57]} 56. b4 {[%clk 0:15:04]} Kd6 {[%clk 0:05:37]} 57. Qf6+
{[%clk 0:14:27]} Kd7 58. Qf7+ Kd6 {[%clk 0:03:53]} 59. Qf6+ {[%clk 0:13:44]} Kd7
{[%clk 0:04:16]} 60. Qc3 {[%clk 0:14:02]} Rf5 {[%clk 0:04:13]} 61. Kg2
{[%clk 0:14:12]} Rfd5 {[%clk 0:03:46]} 62. Kf3 {[%clk 0:14:28]} b6
{[%clk 0:03:11]} 63. Qg7+ {[%clk 0:13:48]} Kc6 {[%clk 0:03:21]} 64. Qg6+
{[%clk 0:13:22]} Kc7 {[%clk 0:02:35]} 65. Qf7+ {[%clk 0:12:29]} Kd6
{[%clk 0:01:33]} 66. Qf8+ {[%clk 0:11:25]} Kc7 {[%clk 0:01:51]} 67. axb6+
{[%clk 0:11:27]} Rxb6 {[%clk 0:00:49]} 68. Qf7+ {[%clk 0:11:11]} Kd6
{[%clk 0:01:08]} 69. Qf6+ {[%clk 0:11:15]} Kc7 {[%clk 0:01:32]} 70. Qe7+
{[%clk 0:11:31]} Kb8 {[%clk 0:01:03]} 71. Qe8+ {[%clk 0:09:58]} Kc7
{[%clk 0:01:31]} 72. Qf7+ {[%clk 0:09:17]} Kd6 {[%clk 0:02:01]} 73. f5
{[%clk 0:09:09]} Rbb5 {[%clk 0:01:13]} 74. Qe6+ {[%clk 0:09:06]} Kc7
{[%clk 0:01:35]} 75. f6 {[%clk 0:07:48]} Rf5+ {[%clk 0:01:57]} 76. Ke4
{[%clk 0:07:49]} Rf2 {[%clk 0:02:05]} 77. Qe7+ {[%clk 0:03:54]} Kc6
{[%clk 0:02:13]} 78. Qe6+ {[%clk 0:03:58]} Kc7 {[%clk 0:02:42]} 79. Qxa6
{[%clk 0:03:59]} Rbf5 {[%clk 0:02:37]} 80. Qc4+ {[%clk 0:04:05]} Kd6
{[%clk 0:02:38]} 81. b5 {[%clk 0:02:04]} Rxf6 {[%clk 0:02:53]} 82. b6
{[%clk 0:01:15]} Re6+ {[%clk 0:00:41]} 83. Kd4 {[%clk 0:01:35]} Rd2+
{[%clk 0:01:08]} 84. Kc3 {[%clk 0:01:57]} Ree2 {[%clk 0:01:16]} 85. Qf4+
{[%clk 0:01:56]} Kc6 {[%clk 0:01:38]} 86. Qh6+ {[%clk 0:00:33]} Kb7
{[%clk 0:02:03]} 87. Qxd2 {[%clk 0:00:33]} Rxd2 {[%clk 0:02:27]} 88. Kxd2
{[%clk 0:01:01]} Kxb6 {[%clk 0:02:51]} 89. Ke3 {[%clk 0:01:27]} Kc6
{[%clk 0:03:10]} 90. Kf4 {[%clk 0:01:42]} h4 {[%clk 0:03:39]} 91. g4
{[%clk 0:01:17]} Kd6 {[%clk 0:04:00]} 92. g5 {[%clk 0:01:24]} Ke6
{[%clk 0:04:26]} 93. Kg4 {[%clk 0:01:43]} h3 {[%clk 0:04:48]} 94. Kxh3
{[%clk 0:02:12]} Kf5 {[%clk 0:05:13]} 95. Kh4 {[%clk 0:02:39]} Kg6
{[%clk 0:05:39]} 96. Kg4 {[%clk 0:03:07]} Kg7 {[%clk 0:06:05]} 97. Kf5
{[%clk 0:03:31]} Kf7 {[%clk 0:06:31]} 98. g6+ {[%clk 0:03:58]} Kg7
{[%clk 0:06:58]} 99. Kg5 {[%clk 0:04:24]} Kg8 {[%clk 0:07:26]} 100. Kh6
{[%clk 0:04:50]} Kh8 {[%clk 0:07:52]} 101. g7+ {[%clk 0:05:16]} Kg8
{[%clk 0:08:19]} 102. Kg6 {[%clk 0:05:42]} 1/2-1/2

[Event "MP do 18 lat - chlopcy"]
[Site "Sypniewo"]
[Date "2022.03.20"]
[Round "2.15"]
[White "Dalkowski, Rafal"]
[Black "Stachecki, Mikolaj"]
[Result "1-0"]
[BlackElo "1837"]
[WhiteElo "2138"]
[LiveChessVersion "1.4.8"]

1. d4 {[%clk 1:30:58]} d5 {[%clk 1:30:53]} 2. Nf3 {[%clk 1:31:06]} Nf6
{[%clk 1:31:00]} 3. c4 {[%clk 1:30:53]} e6 {[%clk 1:31:16]} 4. cxd5
{[%clk 1:30:26]} exd5 {[%clk 1:27:34]} 5. Nc3 {[%clk 1:30:17]} Be7
{[%clk 1:23:20]} 6. Bf4 {[%clk 1:27:52]} c6 {[%clk 1:21:03]} 7. Qc2
{[%clk 1:27:06]} O-O {[%clk 1:18:47]} 8. e3 {[%clk 1:25:26]} b6 {[%clk 1:05:27]}
9. Bd3 {[%clk 1:24:26]} Ba6 {[%clk 1:04:15]} 10. O-O {[%clk 1:22:39]} Bxd3
{[%clk 1:03:46]} 11. Qxd3 {[%clk 1:23:03]} Nbd7 {[%clk 1:02:55]} 12. Rfe1
{[%clk 1:21:14]} Nh5 {[%clk 0:56:05]} 13. Be5 {[%clk 1:20:29]} f6
{[%clk 0:47:21]} 14. Bg3 {[%clk 1:20:28]} Nxg3 15. hxg3 {[%clk 1:20:38]} f5
{[%clk 0:47:36]} 16. Rec1 {[%clk 1:16:13]} Qb8 {[%clk 0:27:47]} 17. Rc2
{[%clk 1:09:55]} Qb7 {[%clk 0:24:45]} 18. Rac1 {[%clk 1:09:00]} Rac8
{[%clk 0:25:04]} 19. a3 {[%clk 1:06:18]} a5 {[%clk 0:25:20]} 20. Ne2
{[%clk 0:57:21]} g5 {[%clk 0:20:59]} 21. Qb3 {[%clk 0:52:30]} Kg7
{[%clk 0:18:50]} 22. Qa4 {[%clk 0:49:25]} g4 {[%clk 0:16:08]} 23. Ne1
{[%clk 0:47:55]} Qa6 {[%clk 0:11:50]} 24. Nf4 {[%clk 0:43:34]} b5
{[%clk 0:11:15]} 25. Qb3 {[%clk 0:42:52]} Kh8 {[%clk 0:11:22]} 26. Ned3
{[%clk 0:39:54]} Bd6 {[%clk 0:09:08]} 27. Rc3 {[%clk 0:36:28]} Qb7
{[%clk 0:05:14]} 28. Qc2 {[%clk 0:35:19]} Nb8 {[%clk 0:05:40]} 29. Nxd5
{[%clk 0:34:12]} b4 {[%clk 0:05:40]} 30. axb4 {[%clk 0:34:12]} axb4
{[%clk 0:05:52]} 31. Rc4 {[%clk 0:32:51]} b3 {[%clk 0:04:35]} 32. Qc3
{[%clk 0:32:36]} Rce8 {[%clk 0:02:58]} 33. N5f4 {[%clk 0:32:14]} Kg8
{[%clk 0:02:47]} 34. Nc5 {[%clk 0:31:36]} Bxc5 {[%clk 0:03:06]} 35. Rxc5
{[%clk 0:31:51]} Qf7 {[%clk 0:02:36]} 36. Rc4 {[%clk 0:30:54]} Re7
{[%clk 0:02:19]} 37. Qxb3 {[%clk 0:30:58]} Rb7 {[%clk 0:02:43]} 38. Qc3
{[%clk 0:31:01]} Rd8 {[%clk 0:01:59]} 39. Rc5 {[%clk 0:28:33]} h6
{[%clk 0:01:21]} 40. Qc2 {[%clk 0:56:46]} Rf8 {[%clk 0:31:45]} 41. Rb1
{[%clk 0:55:59]} Kh7 {[%clk 0:29:42]} 42. b4 {[%clk 0:55:38]} Na6
{[%clk 0:29:54]} 43. Rxc6 {[%clk 0:55:22]} Nc7 {[%clk 0:26:18]} 44. Qc5
{[%clk 0:54:17]} 1-0

[Event "MP do 18 lat - chlopcy"]
[Site "Sypniewo"]
[Date "2022.03.20"]
[Round "2.16"]
[White "Gorkiewicz, Mateusz"]
[Black "Kalkowski, Igor"]
[Result "1-0"]
[BlackElo "1934"]
[WhiteElo "2073"]
[LiveChessVersion "1.4.8"]

1. e4 {[%clk 1:30:56]} e5 {[%clk 1:30:49]} 2. Nf3 {[%clk 1:31:14]} Nc6
{[%clk 1:31:13]} 3. Bc4 {[%clk 1:31:09]} Bc5 {[%clk 1:31:36]} 4. c3
{[%clk 1:31:19]} Nf6 {[%clk 1:32:01]} 5. d4 {[%clk 1:31:12]} exd4
{[%clk 1:32:25]} 6. e5 {[%clk 1:31:34]} d5 {[%clk 1:32:52]} 7. Bb5
{[%clk 1:31:46]} Ne4 {[%clk 1:33:17]} 8. cxd4 {[%clk 1:31:39]} Bb6
{[%clk 1:33:41]} 9. Nc3 {[%clk 1:31:48]} Bg4 {[%clk 1:34:04]} 10. Be3
{[%clk 1:31:43]} O-O {[%clk 1:34:27]} 11. Qc2 {[%clk 1:31:31]} Bf5
{[%clk 1:34:50]} 12. Qb3 {[%clk 1:31:40]} Na5 {[%clk 1:35:16]} 13. Qb4
{[%clk 1:26:33]} c6 {[%clk 1:24:44]} 14. Be2 {[%clk 1:26:15]} Nc4
{[%clk 1:20:49]} 15. Bxc4 {[%clk 1:19:43]} Ba5 {[%clk 1:20:58]} 16. Qb3
{[%clk 1:18:56]} dxc4 {[%clk 1:21:19]} 17. Qxc4 {[%clk 1:12:49]} b5
{[%clk 1:08:11]} 18. Qb3 {[%clk 1:11:14]} Nxc3 {[%clk 1:02:19]} 19. bxc3
{[%clk 1:11:34]} Bd3 {[%clk 1:02:44]} 20. Rd1 {[%clk 1:05:42]} Bc4
{[%clk 1:02:41]} 21. Qc2 {[%clk 1:05:19]} Qd5 {[%clk 1:00:59]} 22. Ng5
{[%clk 1:00:21]} g6 {[%clk 1:01:17]} 23. Ne4 {[%clk 0:58:37]} f5 {[%clk 1:01:37]}
24. exf6 {[%clk 0:56:48]} Rae8 {[%clk 0:46:24]} 25. f3 {[%clk 0:55:50]} Qh5
{[%clk 0:29:13]} 26. Bf4 {[%clk 0:44:37]} Rxf6 {[%clk 0:06:31]} 27. Be5
{[%clk 0:43:30]} Rxe5 {[%clk 0:06:39]} 28. dxe5 {[%clk 0:43:25]} Qxe5
{[%clk 0:07:06]} 29. Rd7 {[%clk 0:37:29]} Re6 {[%clk 0:04:12]} 30. Kd1
{[%clk 0:37:00]} Bb6 {[%clk 0:02:44]} 31. Qd2 {[%clk 0:35:49]} b4
{[%clk 0:02:02]} 32. Re1 {[%clk 0:30:38]} Qa5 {[%clk 0:01:38]} 33. Nf6+
{[%clk 0:25:37]} Rxf6 {[%clk 0:01:36]} 34. Re8+ {[%clk 0:25:52]} Rf8
{[%clk 0:02:03]} 35. Rxf8+ {[%clk 0:26:03]} 1-0

[Event "MP do 18 lat - chlopcy"]
[Site "Sypniewo"]
[Date "2022.03.20"]
[Round "2.17"]
[White "Zabron, Maksym"]
[Black "Gradalski, Olaf"]
[Result "0-1"]
[BlackElo "2051"]
[WhiteElo "1934"]
[LiveChessVersion "1.4.8"]

1. d4 {[%clk 1:30:59]} d5 {[%clk 1:30:37]} 2. c4 {[%clk 1:31:24]} e6
{[%clk 1:31:00]} 3. Nf3 {[%clk 1:31:49]} Nf6 {[%clk 1:31:24]} 4. g3
{[%clk 1:32:16]} dxc4 {[%clk 1:30:51]} 5. Qa4+ {[%clk 1:32:41]} Nbd7
{[%clk 1:31:11]} 6. Bg2 {[%clk 1:32:39]} a6 {[%clk 1:31:06]} 7. Qxc4
{[%clk 1:33:04]} b5 {[%clk 1:31:27]} 8. Qc2 {[%clk 1:32:55]} Bb7 {[%clk 1:30:46]}
9. O-O {[%clk 1:29:55]} c5 {[%clk 1:27:15]} 10. Nbd2 {[%clk 1:13:24]} Rc8
{[%clk 1:17:32]} 11. Qb1 {[%clk 1:13:49]} Qb6 {[%clk 1:06:07]} 12. e3
{[%clk 1:05:12]} Be7 {[%clk 0:57:34]} 13. dxc5 {[%clk 1:00:15]} Nxc5
{[%clk 0:55:06]} 14. Nd4 {[%clk 0:53:01]} O-O {[%clk 0:53:40]} 15. b3
{[%clk 0:41:34]} Bxg2 {[%clk 0:46:14]} 16. Kxg2 {[%clk 0:41:57]} Qb7+
{[%clk 0:46:34]} 17. N2f3 {[%clk 0:37:33]} Nfe4 {[%clk 0:46:10]} 18. Kg1
{[%clk 0:24:24]} Bf6 {[%clk 0:43:54]} 19. Bb2 {[%clk 0:23:37]} Rfd8
{[%clk 0:42:50]} 20. Rd1 {[%clk 0:19:30]} b4 {[%clk 0:37:51]} 21. h4
{[%clk 0:13:26]} e5 {[%clk 0:34:04]} 22. Nf5 {[%clk 0:13:50]} Nxg3
{[%clk 0:30:29]} 23. Nxg3 Qxf3 {[%clk 0:30:50]} 24. Rxd8+ {[%clk 0:13:05]} Rxd8
{[%clk 0:30:34]} 25. Qf5 {[%clk 0:12:27]} Qxf5 {[%clk 0:29:32]} 26. Nxf5
{[%clk 0:12:51]} Nd3 {[%clk 0:28:53]} 27. Rb1 {[%clk 0:13:15]} Rc8
{[%clk 0:25:46]} 28. f4 {[%clk 0:11:29]} Kf8 {[%clk 0:14:33]} 29. fxe5
{[%clk 0:11:50]} Nxe5 {[%clk 0:14:29]} 30. Bxe5 {[%clk 0:11:55]} Bxe5
{[%clk 0:14:51]} 31. Rd1 {[%clk 0:12:15]} g6 {[%clk 0:14:36]} 32. Nd4
{[%clk 0:12:30]} Bxd4 {[%clk 0:10:43]} 33. Rxd4 {[%clk 0:12:52]} Rc2
{[%clk 0:09:11]} 34. Rxb4 {[%clk 0:13:18]} Rxa2 {[%clk 0:09:36]} 35. Rb7
{[%clk 0:09:24]} Re2 {[%clk 0:09:12]} 0-1

[Event "MP do 18 lat - chlopcy"]
[Site "Sypniewo"]
[Date "2022.03.20"]
[Round "2.18"]
[White "Bachor, Tomasz"]
[Black "Sidorczuk, Pawel"]
[Result "1-0"]
[BlackElo "1917"]
[WhiteElo "2041"]
[LiveChessVersion "1.4.8"]

1. Nf3 {[%clk 1:30:54]} Nf6 {[%clk 1:30:55]} 2. g3 {[%clk 1:31:17]} g6
{[%clk 1:31:21]} 3. Bg2 {[%clk 1:30:41]} Bg7 {[%clk 1:31:46]} 4. O-O
{[%clk 1:30:28]} O-O {[%clk 1:32:09]} 5. c4 {[%clk 1:30:41]} c5 {[%clk 1:29:19]}
6. d4 {[%clk 1:28:30]} cxd4 {[%clk 1:23:53]} 7. Nxd4 {[%clk 1:28:38]} d6
{[%clk 1:23:06]} 8. Nc3 {[%clk 1:27:57]} a6 {[%clk 1:16:19]} 9. b3
{[%clk 1:26:09]} Qc7 {[%clk 1:09:14]} 10. Bb2 {[%clk 1:23:30]} e6
{[%clk 1:06:59]} 11. Rc1 {[%clk 1:17:43]} Bd7 {[%clk 1:05:15]} 12. Qd2
{[%clk 1:12:26]} Rd8 {[%clk 1:04:30]} 13. Rfd1 {[%clk 1:12:05]} Be8
{[%clk 0:52:39]} 14. a4 {[%clk 1:07:26]} Nbd7 {[%clk 0:50:18]} 15. Ba3
{[%clk 0:57:08]} Nc5 {[%clk 0:50:16]} 16. Qc2 {[%clk 0:56:02]} Rac8
{[%clk 0:48:15]} 17. b4 {[%clk 0:42:27]} Ncd7 {[%clk 0:46:56]} 18. Ne4
{[%clk 0:35:31]} Nb6 {[%clk 0:29:02]} 19. b5 {[%clk 0:22:48]} Nxe4
{[%clk 0:25:06]} 20. Qxe4 {[%clk 0:22:11]} Nxc4 {[%clk 0:23:51]} 21. Qxb7
{[%clk 0:19:07]} d5 {[%clk 0:23:39]} 22. Qxc7 {[%clk 0:16:27]} Rxc7
{[%clk 0:24:08]} 23. Bb4 {[%clk 0:14:13]} Rdc8 {[%clk 0:18:10]} 24. e3
{[%clk 0:07:32]} Nb2 {[%clk 0:12:22]} 25. Rxc7 {[%clk 0:07:27]} Rxc7
{[%clk 0:12:51]} 26. Rb1 {[%clk 0:07:45]} Nxa4 {[%clk 0:10:20]} 27. bxa6
{[%clk 0:07:35]} Bxd4 {[%clk 0:09:51]} 28. exd4 {[%clk 0:08:02]} Rc8
{[%clk 0:05:15]} 29. a7 {[%clk 0:05:08]} Bb5 {[%clk 0:02:13]} 30. Bf1
{[%clk 0:03:20]} Bc6 {[%clk 0:00:57]} 31. Bd6 {[%clk 0:02:49]} Ra8
{[%clk 0:00:54]} 32. Rc1 {[%clk 0:01:49]} Be8 {[%clk 0:00:34]} 33. Bb8
{[%clk 0:02:07]} Nb6 {[%clk 0:00:53]} 34. Ba6 {[%clk 0:01:59]} 1-0

[Event "MP do 18 lat - chlopcy"]
[Site "Sypniewo"]
[Date "2022.03.20"]
[Round "2.19"]
[White "Skurniak, Szymon"]
[Black "Kasprzak, Lukasz"]
[Result "0-1"]
[BlackElo "1884"]
[WhiteElo "2032"]
[LiveChessVersion "1.4.8"]

1. e4 {[%clk 1:30:58]} c5 {[%clk 1:28:01]} 2. Nf3 {[%clk 1:29:04]} d6
{[%clk 1:28:24]} 3. d4 {[%clk 1:29:19]} cxd4 {[%clk 1:28:53]} 4. Nxd4
{[%clk 1:29:43]} Nf6 {[%clk 1:29:14]} 5. Nc3 {[%clk 1:30:11]} a6 {[%clk 1:29:27]}
6. Bd3 {[%clk 1:25:40]} e5 {[%clk 1:28:13]} 7. Nde2 {[%clk 1:25:24]} Be7
{[%clk 1:25:48]} 8. O-O {[%clk 1:25:03]} O-O {[%clk 1:15:42]} 9. Ng3
{[%clk 1:24:03]} Be6 {[%clk 1:10:16]} 10. Nd5 {[%clk 1:24:24]} Bxd5
{[%clk 1:03:17]} 11. exd5 {[%clk 1:24:45]} g6 {[%clk 1:02:37]} 12. Bh6
{[%clk 1:24:57]} Re8 {[%clk 1:02:04]} 13. c4 {[%clk 1:24:12]} Nbd7
{[%clk 1:01:09]} 14. Re1 {[%clk 1:07:17]} a5 {[%clk 0:50:53]} 15. b3
{[%clk 1:05:06]} Nc5 {[%clk 0:48:17]} 16. Bc2 {[%clk 1:02:41]} Qc7
{[%clk 0:39:50]} 17. Qf3 {[%clk 0:38:04]} Qd8 {[%clk 0:23:39]} 18. a3
{[%clk 0:33:39]} Ncd7 {[%clk 0:12:37]} 19. h3 {[%clk 0:24:29]} Rc8
{[%clk 0:12:00]} 20. Nf5 {[%clk 0:17:46]} Bf8 {[%clk 0:06:54]} 21. Bg5
{[%clk 0:15:47]} gxf5 {[%clk 0:04:43]} 22. Bxf5 {[%clk 0:15:41]} Be7
{[%clk 0:04:15]} 23. Bxf6 {[%clk 0:05:46]} Nxf6 {[%clk 0:04:33]} 24. Bxc8
{[%clk 0:05:45]} Qxc8 {[%clk 0:05:02]} 25. Qd3 {[%clk 0:04:22]} Nh5
{[%clk 0:02:25]} 26. Qf3 {[%clk 0:01:33]} Nf4 {[%clk 0:02:43]} 27. Qg4+
{[%clk 0:01:19]} Qxg4 {[%clk 0:02:28]} 28. hxg4 {[%clk 0:01:48]} Bd8
{[%clk 0:01:41]} 29. g3 {[%clk 0:02:07]} Nd3 {[%clk 0:01:43]} 30. Re3
{[%clk 0:02:22]} Nc5 {[%clk 0:01:19]} 31. b4 {[%clk 0:02:42]} Nd7
{[%clk 0:01:01]} 32. Rb3 {[%clk 0:00:58]} a4 {[%clk 0:01:14]} 33. Rf3
{[%clk 0:01:27]} Bb6 {[%clk 0:01:31]} 34. Kg2 {[%clk 0:00:53]} Bd4
{[%clk 0:01:48]} 35. Rh1 {[%clk 0:01:13]} f6 {[%clk 0:00:45]} 36. g5
{[%clk 0:01:06]} e4 {[%clk 0:00:43]} 37. Rf4 {[%clk 0:00:46]} fxg5
{[%clk 0:00:38]} 38. Rg4 {[%clk 0:01:05]} Re5 {[%clk 0:00:36]} 39. Rh6
{[%clk 0:01:28]} Kg7 {[%clk 0:00:36]} 40. Rxd6 {[%clk 0:31:53]} Nf6
{[%clk 0:31:00]} 41. c5 {[%clk 0:18:58]} Nxg4 {[%clk 0:27:12]} 42. c6
{[%clk 0:18:44]} Re7 {[%clk 0:25:55]} 43. b5 {[%clk 0:18:05]} Rf7
{[%clk 0:14:15]} 44. b6 {[%clk 0:16:35]} Rxf2+ {[%clk 0:13:19]} 45. Kh3
{[%clk 0:16:49]} h5 {[%clk 0:13:19]} 46. Rd7+ {[%clk 0:17:18]} Kg6
{[%clk 0:13:26]} 47. Rd6+ {[%clk 0:17:46]} Bf6 {[%clk 0:13:50]} 48. Rxf6+
{[%clk 0:18:11]} Kxf6 {[%clk 0:14:13]} 49. c7 {[%clk 0:18:38]} Rh2#
{[%clk 0:14:08]} 0-1

[Event "MP do 18 lat - chlopcy"]
[Site "Sypniewo"]
[Date "2022.03.20"]
[Round "2.20"]
[White "Syrkiewicz, Michal"]
[Black "Kietrys, Maciej"]
[Result "1-0"]
[BlackElo "1882"]
[WhiteElo "1988"]
[LiveChessVersion "1.4.8"]

1. c4 {[%clk 1:30:58]} e5 {[%clk 1:30:40]} 2. Nc3 {[%clk 1:31:19]} Nf6
{[%clk 1:31:06]} 3. g3 {[%clk 1:31:35]} d5 {[%clk 1:30:00]} 4. cxd5
{[%clk 1:31:51]} Nxd5 {[%clk 1:30:26]} 5. Bg2 {[%clk 1:32:09]} Be6
{[%clk 1:30:42]} 6. Nf3 {[%clk 1:31:37]} Nc6 {[%clk 1:31:09]} 7. O-O
{[%clk 1:31:29]} Nb6 {[%clk 1:31:06]} 8. d4 {[%clk 1:30:10]} exd4
{[%clk 1:21:32]} 9. Nb5 {[%clk 1:29:27]} Qd7 {[%clk 0:49:24]} 10. Nfxd4
{[%clk 1:26:54]} Nxd4 {[%clk 0:49:23]} 11. Nxd4 {[%clk 1:27:10]} O-O-O
{[%clk 0:48:19]} 12. Bg5 {[%clk 1:24:44]} Be7 {[%clk 0:46:14]} 13. Nxe6
{[%clk 1:11:21]} Qxe6 {[%clk 0:45:32]} 14. Qc1 {[%clk 1:11:20]} Bf6
{[%clk 0:44:47]} 15. Bxf6 {[%clk 1:03:16]} Qxf6 {[%clk 0:44:40]} 16. a4
{[%clk 1:02:49]} Rd6 {[%clk 0:37:52]} 17. a5 {[%clk 0:56:28]} Nd7
{[%clk 0:37:49]} 18. b4 {[%clk 0:47:11]} Qd4 {[%clk 0:31:09]} 19. Qc2
{[%clk 0:42:54]} Qxb4 {[%clk 0:15:21]} 20. Rfb1 {[%clk 0:40:24]} Qc5
{[%clk 0:13:19]} 21. Qb3 {[%clk 0:39:55]} Kd8 {[%clk 0:03:02]} 22. Qxb7
{[%clk 0:38:30]} Ke7 {[%clk 0:03:06]} 23. Rc1 {[%clk 0:37:17]} Qe5
{[%clk 0:02:40]} 24. Ra3 {[%clk 0:34:51]} Rb8 {[%clk 0:01:56]} 25. Qxa7
{[%clk 0:34:11]} Kf8 {[%clk 0:00:55]} 26. Re3 {[%clk 0:33:38]} Qf6
{[%clk 0:00:41]} 27. Qxc7 {[%clk 0:33:30]} g6 {[%clk 0:00:37]} 28. a6
{[%clk 0:32:31]} Rd8 {[%clk 0:01:05]} 29. Rf3 {[%clk 0:31:19]} Qe7
{[%clk 0:01:10]} 30. Rb3 {[%clk 0:30:11]} Rxa6 {[%clk 0:00:45]} 31. Rb7
{[%clk 0:29:57]} Rd6 {[%clk 0:00:32]} 32. h4 {[%clk 0:29:02]} Qf6
{[%clk 0:00:00]} 1-0